Eloy
Đã lưu trong:
| Tác giả chính: | |
|---|---|
| Định dạng: | Sách |
| Ngôn ngữ: | Tiếng Tây Ban Nha |
| Được phát hành: |
Santiago
Quimantú
1972
|
| Phiên bản: | 2a. ed |
| Loạt: | Colección Cordillera
|
| Những chủ đề: | |
| Các nhãn: |
Thêm thẻ
Không có thẻ, Là người đầu tiên thẻ bản ghi này!
|
MARC
| LEADER | 00000nam a2200000 a 4500 | ||
|---|---|---|---|
| 001 | UCX2122 | ||
| 003 | CL-VaPUC | ||
| 008 | 910321e19720000CL |||||||||||||||||spa|d | ||
| 082 | 0 | 4 | |a Ch863 |b DRO |2 21 |
| 100 | 0 | |a Droguett, Carlos |e author |9 317931 | |
| 245 | 1 | 0 | |a Eloy |
| 250 | |a 2a. ed | ||
| 300 | |a 125 p | ||
| 942 | |c BK | ||
| 945 | |d 19910321 00:00:00 | ||
| 260 | |a Santiago |b Quimantú |c 1972 | ||
| 650 | 0 | |a Novelas chilenas |9 265425 | |
| 583 | |a last modification |c 19910321 00:00:00 |k Rodrigo Vera | ||
| 490 | 0 | |a Colección Cordillera | |
| 999 | |c 223206 |d 223204 | ||
| 952 | |0 0 |1 0 |4 0 |6 CH_863_000000000000000_DRO_1972 |7 0 |8 A |9 218779 |a BIBEDU |b BIBEDU |d 2019-11-15 |i 2875942 |l 2 |m 1 |o Ch863 DRO 1972 |p 2875942 |r 2024-05-02 |s 2024-04-26 |w 2019-11-15 |y BK |k LIT | ||
| 952 | |0 0 |1 0 |4 0 |6 CH_863_000000000000000_DRO_1972 |7 0 |8 A |9 218780 |a BIBEDU |b BIBEDU |d 2019-11-15 |i 2875950 |l 3 |m 2 |o Ch863 DRO 1972 |p 2875950 |r 2024-05-02 |s 2024-04-26 |w 2019-11-15 |y BK |k LIT | ||
| 952 | |0 0 |1 0 |4 0 |6 CH_863_000000000000000_DRO_1972 |7 0 |8 A |9 218781 |a BIBEDU |b BIBEDU |d 2019-11-15 |i 2875977 |l 2 |m 1 |o Ch863 DRO 1972 |p 2875977 |r 2023-05-12 |s 2023-05-09 |w 2019-11-15 |y BK |k LIT | ||